MARC

LEADER 00000nam0a2200000 4500
001 295781
005 20231102000837.0
020 |a RU  |b 84-44594 
035 |a (RuTPU)RU\TPU\book\320870 
090 |a 295781 
100 |a 20150526d1984 m y0rusy5003 ca 
101 0 |a rus 
102 |a RU 
105 |a a j 001zy 
200 1 |a Оптико-электронные приборы наведения летательных аппаратов  |e учебник для втузов  |f Л. П. Лазарев 
205 |a 4-е изд., перераб. и доп. 
210 |a Москва  |c Машиностроение  |d 1984 
215 |a 480 с.  |c ил.  |d 22 см 
305 |a Загл. 3-го изд.: Инфракрасные и световые приборы самонаведения и наведения летательных аппаратов 
320 |a Библиогр.: с. 468-472 
320 |a Предметный указатель: с. 473-475 
606 1 |a Авиационные приборы  |x 0птико-электронные  |2 stltpush  |3 (RuTPU)RU\TPU\subj\473  |9 29389 
610 1 |a оптико-электронные приборы 
610 1 |a летательные аппараты 
610 1 |a управление 
610 1 |a наведение 
610 1 |a проектирование 
610 1 |a самонаведение 
610 1 |a анализаторы 
610 1 |a электромеханические элементы 
610 1 |a оптическое моделирование 
610 1 |a учебники 
675 |a 629.73.05(075.8)  |z rus  |v 3 
700 1 |a Лазарев  |b Л. П.  |g Леонид Павлович  |4 070 
801 0 |a RU  |b RuMRKP  |c 19950704  |g psbo 
801 1 |a RU  |b 63413507  |c 20150526 
801 2 |a RU  |b 63413507  |c 20181108  |g RCR 
942 |c BK